Os direitos da personalidade à luz dos novos paradigmas jurídico-metodológicos (Registro nro. 171950)

Detalles MARC
000 -LEADER
fixed length control field 01782nam a22003017a 4500
007 - PHYSICAL DESCRIPTION FIXED FIELD--GENERAL INFORMATION
fixed length control field cr|||| ||||
008 - FIXED-LENGTH DATA ELEMENTS--GENERAL INFORMATION
fixed length control field 220817s2021 br |||||s|||| 00||0 por d
020 ## - INTERNATIONAL STANDARD BOOK NUMBER
International Standard Book Number 978658935147-4
035 ## -
-- 36836
040 ## - CATALOGING SOURCE
Original cataloging agency vLex
090 ## -
-- 13714
-- 13714
100 1# - MAIN ENTRY--PERSONAL NAME
Personal name de Moraes Mello, Cleyson
245 12 - TITLE STATEMENT
Title Os direitos da personalidade à luz dos novos paradigmas jurídico-metodológicos
Medium [Recurso electrónico] /
Statement of responsibility, etc Cleyson de Moraes Mello, Nuno Manuel Morgadinho dos Santos Coelho, Layni Batista Longo, Gabriela de Carvalho A. Lopes
Number of part/section of a work Volume 2
256 ## -
-- Servicio en línea
260 ## - PUBLICATION, DISTRIBUTION, ETC. (IMPRINT)
Place of publication, distribution, etc Rio de Janeiro:
Name of publisher, distributor, etc Editora Processo,
Date of publication, distribution, etc 2021
300 ## - PHYSICAL DESCRIPTION
Extent 1 recurso electrónico
500 ## - GENERAL NOTE
General note Esta obra é fruto dos trabalhos desenvolvidos pelos discentes, na disciplina de direitos da personalidade, ministrada pelo Professor Doutor Cleyson de Moraes Mello, no CURSO DE PÓS-GRADUAÇÃO – LATO SENSU ESPECIALIZAÇÃO EM “DIREITO CIVIL: NOVOS PARADIGMAS HERMENÊUTICOS NAS RELAÇÕES PRIVADAS”, DA FACULDADE DE DIREITO DE RIBEIRÃO PRETO DA UNIVERSIDADE DE SÃO PAULO, coordenado pelos professores, Nuno Manuel Morgadinho Coelho dos Santos e Iara Pereira Ribeiro.
506 1# - RESTRICTIONS ON ACCESS NOTE
Terms governing access Disponible solo en los productos indicados
Authorized users vLex Global
-- vLex Global (Academic Edition, excluding Law Schools)
-- vLex Global (U.S. Academic Edition, Law Schools)
-- vLex Global (U.S. Academic Edition, excluding Law Schools)
-- vLex Global (Academic Edition, Law Schools)
650 04 - SUBJECT ADDED ENTRY--TOPICAL TERM
Topical term or geographic name as entry element Derecho Civil
Geographic subdivision Brasil
650 04 - SUBJECT ADDED ENTRY--TOPICAL TERM
Topical term or geographic name as entry element Persona
Geographic subdivision Brasil
700 1# - ADDED ENTRY--PERSONAL NAME
Personal name Morgadinho dos Santos Coelho, Nuno Manuel
700 1# - ADDED ENTRY--PERSONAL NAME
Personal name Batista Longo, Layni
700 1# - ADDED ENTRY--PERSONAL NAME
Personal name de Carvalho A. Lopes, Gabriela
740 0# -
-- vLex Libros (Servicio en línea)
856 40 - LOCALIZACIÓN Y ACCESO ELECTRÓNICO
Identificador Uniforme del Recurso (URI/URL) Acceso restringido
942 ## -
-- RAA
999 ## -
-- 171950
-- 171950

No hay ítems disponibles.


CONTACTO


NOSOTROS


SITIOS DE INTERES

coordinacion.biblioteca.biblioteca@unienlinea.mx Misión, Visión y Objetivos Bases de datos
Directorio Bibliotecas Digitales y Repositorios
Normatividad Revistas y artículos
Convenios interbibliotecarios
Boletines



Hecho en México. Universidad Insurgentes (UIN). Todos los derechos reservados 2024. Esta página y sus contenidos pueden ser reproducidos con fines no lucrativos, siempre y cuando no se mutile, se cite la fuente completa y su dirección electrónicas. De otra forma requiere permiso previo por escrito de la institución




2024 Copyright Universidad Insurgentes | www.bibliouin.com.mx